[Event "La Palma Island op"]
[Site "Santa Cruz de La Palma"]
[Date "2023.08.09"]
[Round "7"]
[White "Del Rio de Angelis, Salvador Gabriel"]
[Black "Newrkla, Katharina"]
[Result "1-0"]
[WhiteElo "2424"]
[BlackElo "2261"]
[PlyCount "65"]
[EventDate "2023.08.05"]
[EventType "swiss"]
[EventRounds "9"]
[EventCountry "ESP"]
[SourceTitle "CBM 215 Extra"]
[Source "ChessBase"]
[SourceDate "2023.09.30"]
[SourceVersion "1"]
[SourceVersionDate "2023.09.30"]
[SourceQuality "1"]

1. d4 Nf6 2. Nf3 e6 3. e3 c5 4. Bd3 d5 5. b3 Nc6 6. 0-0 Bd6 7. Bb2 Qc7 8. c4 cxd4 9. exd4 0-0 10. Nbd2 a5 11. a3 Bd7 12. Re1 a4 13. c5 Bf4 14. b4 g6 15. Ne5 Na7 16. Nxd7 Qxd7 17. Nf3 Nc6 18. Bb5 Qc7 19. Bxa4 Ne4 20. Bc2 f5 21. g3 Bh6 22. b5 Ne7 23. Ne5 Bg7 24. b6 Qc8 25. f3 Bxe5 26. fxe4 Bg7 27. exd5 Nxd5 28. Bb3 Kh8 29. Qe2 Re8 30. Bxd5 exd5 31. Qxe8+ Qxe8 32. Rxe8+ Rxe8 33. Kf2 1-0

[Event "Pontevedra op 11th"]
[Site "Pontevedra"]
[Date "2023.07.27"]
[Round "6"]
[White "Del Rio de Angelis, Salvador Gabriel"]
[Black "Martinez Ramirez, Lennis"]
[Result "1/2-1/2"]
[WhiteElo "2434"]
[BlackElo "2426"]
[PlyCount "114"]
[EventDate "2023.07.24"]
[EventType "swiss"]
[EventRounds "9"]
[EventCountry "ESP"]
[SourceTitle "CBM 215 Extra"]
[Source "ChessBase"]
[SourceDate "2023.09.30"]
[SourceVersion "1"]
[SourceVersionDate "2023.09.30"]
[SourceQuality "1"]

1. d4 Nf6 2. c4 e6 3. Nc3 Bb4 4. e3 0-0 5. Bd3 d5 6. cxd5 exd5 7. a3 Bd6 8. Nge2 Re8 9. 0-0 b6 10. b4 Nbd7 11. Ng3 Bb7 12. Rb1 Ne4 13. Nce2 Qh4 14. Qe1 Re6 15. f4 Nxg3 16. Qxg3 Qe7 17. Nc3 Rh6 18. Bd2 Nf6 19. Rfe1 Re8 20. Bc2 a6 21. Qf3 Ne4 22. Nxe4 dxe4 23. Qf2 Bd5 24. Bb3 Qe6 25. Bxd5 Qxd5 26. Qe2 b5 27. Rec1 f5 28. h3 g5 29. fxg5 Rg6 30. h4 h6 31. Qh5 Ree6 32. Rf1 hxg5 33. hxg5 f4 34. exf4 Qxd4+ 35. Kh1 Qxd2 36. Rbd1 Qe3 37. Rde1 Qd4 38. f5 Rg7 39. f6 Rd7 40. Rf5 Bf8 41. f7+ Kg7 42. Ref1 Rdd6 43. R5f4 Rh6 44. gxh6+ Rxh6 45. Qh3 Qd3 46. Rg1 Qg3 47. Rxe4 Kh7 48. Qxh6+ Kxh6 49. Rf1 Qxa3 50. Rg4 Qd3 51. Rf3 Qd1+ 52. Kh2 Bd6+ 53. Rgf4 Bf8 54. Rf6+ Kg7 55. R6f4 Kh6 56. Rf6+ Kg7 57. R6f4 Kh6 1/2-1/2

[Event "Gijon op 1st"]
[Site "Gijon"]
[Date "2023.06.29"]
[Round "5"]
[White "Panelo Munoz, Marcelo A"]
[Black "Del Rio de Angelis, Salvador Gabriel"]
[Result "1/2-1/2"]
[WhiteElo "2366"]
[BlackElo "2434"]
[PlyCount "36"]
[EventDate "2023.06.26"]
[EventType "swiss"]
[EventRounds "9"]
[EventCountry "ESP"]
[SourceTitle "EXT 2024"]
[Source "ChessBase"]
[SourceDate "2023.10.10"]
[SourceVersion "1"]
[SourceVersionDate "2023.10.10"]
[SourceQuality "1"]

1. d4 d6 2. e4 g6 3. Nc3 a6 4. Be3 Nf6 5. Qd2 b5 6. e5 b4 7. exf6 bxc3 8. Qxc3 exf6 9. Be2 d5 10. Bf3 a5 11. Qb3 c6 12. Ne2 Ba6 13. Bf4 Bb4+ 14. c3 Be7 15. Bh6 Bf8 16. Bf4 Be7 17. Bh6 Bf8 18. Bf4 Be7 1/2-1/2

[Event "Benalmadena Rapid op 1st"]
[Site "Benalmadena"]
[Date "2023.02.26"]
[Round "9"]
[White "Grigoryan, Karen H"]
[Black "Del Rio de Angelis, Salvador Gabriel"]
[Result "1/2-1/2"]
[WhiteElo "2621"]
[BlackElo "2448"]
[PlyCount "90"]
[EventDate "2023.02.25"]
[EventType "swiss (rapid)"]
[EventRounds "9"]
[EventCountry "ESP"]
[SourceTitle "CBM 212 Extra"]
[Source "ChessBase"]
[SourceDate "2023.03.31"]
[SourceVersion "1"]
[SourceVersionDate "2023.03.31"]
[SourceQuality "1"]

1. d4 d5 2. c4 e6 3. Nc3 Bb4 4. cxd5 exd5 5. Qc2 c6 6. Nf3 Ne7 7. Bg5 0-0 8. e3 Bf5 9. Qb3 Qb6 10. Nh4 Be6 11. Bd3 Nd7 12. Nf3 f6 13. Bf4 Bf5 14. Bxf5 Nxf5 15. Qc2 Nd6 16. 0-0 Nf7 17. e4 dxe4 18. Nxe4 Rfe8 19. a3 Bf8 20. Rad1 Qa5 21. Nc3 Nb6 22. Qb3 Qa6 23. d5 Qc4 24. Qxc4 Nxc4 25. dxc6 bxc6 26. Na4 Nb6 27. Nxb6 axb6 28. Nd4 Rac8 29. Rfe1 Rxe1+ 30. Rxe1 Bd6 31. Nf5 Bf8 32. Ne7+ Bxe7 33. Rxe7 b5 34. h4 Kf8 35. Rb7 Ne5 36. Bxe5 fxe5 37. Rd7 b4 38. a4 c5 39. Rb7 Ra8 40. b3 c4 41. bxc4 Rxa4 42. c5 Ra1+ 43. Kh2 Rc1 44. Rxb4 Rxc5 45. Re4 Kf7 1/2-1/2

[Event "Seville op 48th"]
[Site "Seville"]
[Date "2023.01.21"]
[Round "9"]
[White "Vignesh, NR."]
[Black "Del Rio de Angelis, Salvador Gabriel"]
[Result "1/2-1/2"]
[WhiteElo "2493"]
[BlackElo "2450"]
[PlyCount "60"]
[EventDate "2023.01.13"]
[EventType "swiss"]
[EventRounds "9"]
[EventCountry "ESP"]
[SourceTitle "CBM 212 Extra"]
[Source "ChessBase"]
[SourceDate "2023.03.31"]
[SourceVersion "1"]
[SourceVersionDate "2023.03.31"]
[SourceQuality "1"]

1. d4 d5 2. c4 e6 3. Nf3 a6 4. Bg5 Be7 5. Bxe7 Nxe7 6. g3 dxc4 7. Bg2 b5 8. 0-0 Bb7 9. Qc2 Bxf3 10. Bxf3 c6 11. Rd1 Nd7 12. Nd2 0-0 13. b3 cxb3 14. Nxb3 Qb6 15. a4 Rac8 16. axb5 axb5 17. Ra3 c5 18. dxc5 Nxc5 19. Nxc5 Rxc5 20. Qa2 Rd8 21. Rxd8+ Qxd8 22. Rd3 Qe8 23. Qa7 Rc8 24. Rd7 Nc6 25. Bxc6 Rxc6 26. Rb7 Rc8 27. Qb6 g6 28. Qxb5 Qxb5 29. Rxb5 h5 30. h4 Kg7 1/2-1/2

[Event "Madrid Alcorcon op 1st"]
[Site "Madrid"]
[Date "2022.12.27"]
[Round "4"]
[White "Sanchez Alvares, Kelvin Antonio"]
[Black "Del Rio de Angelis, Salvador Gabriel"]
[Result "1/2-1/2"]
[WhiteElo "2230"]
[BlackElo "2450"]
[PlyCount "87"]
[EventDate "2022.12.26"]
[EventType "swiss"]
[EventRounds "9"]
[EventCountry "ESP"]
[SourceTitle "CBM 212 Extra"]
[Source "ChessBase"]
[SourceDate "2023.03.31"]
[SourceVersion "1"]
[SourceVersionDate "2023.03.31"]
[SourceQuality "1"]

1. d4 Nf6 2. c4 d6 3. Nf3 Nbd7 4. Nc3 e5 5. e4 Be7 6. g3 0-0 7. Bg2 c6 8. 0-0 Re8 9. d5 a6 10. Ne1 Nf8 11. h3 Ng6 12. Be3 Bd7 13. Kh2 c5 14. a4 Rf8 15. Nd3 Ne8 16. f4 exf4 17. gxf4 Bf6 18. Qd2 Nc7 19. e5 dxe5 20. Bxc5 Re8 21. Ne4 exf4 22. Nxf6+ Qxf6 23. Nxf4 Nh4 24. Ne6 Qe5+ 25. Qf4 Qxf4+ 26. Nxf4 Rac8 27. Bg1 Nxg2 28. Nxg2 Re2 29. Rf2 Re4 30. b3 Rce8 31. Rd2 R8e5 32. Rc1 f5 33. Bb6 Ne8 34. Bd4 Re2 35. Bxe5 Rxd2 36. h4 Kf7 37. Rc3 Nf6 38. Bxf6 Kxf6 39. Kg3 Rd4 40. Nf4 g5 41. hxg5+ Kxg5 42. Nh3+ Kf6 43. Nf4 Kg5 44. Nh3+ 1/2-1/2